اندھیری رات کے مُسافر (Record no. 608201)

000 -LEADER
fixed length control field 00554 aa a2200193 a 4500
003 - CONTROL NUMBER IDENTIFIER
control field OSt
005 - DATE AND TIME OF LATEST TRANSACTION
control field 20240226131423.0
008 - FIXED-LENGTH DATA ELEMENTS--GENERAL INFORMATION
fixed length control field 180213t pk ||||g |||| 00| 1 urd d
040 ## - CATALOGING SOURCE
Transcribing agency 0
082 ## - DEWEY DECIMAL CLASSIFICATION NUMBER
Classification number 891.4393
Author Mark HAJ
100 0# - MAIN ENTRY--PERSONAL NAME
Personal name حجازی،نسيم
9 (RLIN) 47098
245 ## - TITLE STATEMENT
Title اندھیری رات کے مُسافر
Statement of responsibility, etc. Naseem Hajazi
246 ## - VARYING FORM OF TITLE
Title proper/short title Andheri raat ka musafer
260 ## - PUBLICATION, DISTRIBUTION, ETC.
Place of publication, distribution, etc. لاہور
Name of publisher, distributor, etc. جہانگیربک ڈپو
Date of publication, distribution, etc. [n.d]
300 ## - PHYSICAL DESCRIPTION
Extent 496 p.
650 ## - SUBJECT ADDED ENTRY--TOPICAL TERM
Topical term or geographic name entry element Urdu literature
9 (RLIN) 9606
650 ## - SUBJECT ADDED ENTRY--TOPICAL TERM
Topical term or geographic name entry element Noval
9 (RLIN) 107828
942 ## - ADDED ENTRY ELEMENTS (KOHA)
Source of classification or shelving scheme
Koha item type Book
Institution code [OBSOLETE] SADA
Call number prefix 891.4393 HAJ
Holdings
Withdrawn status Lost status Source of classification or shelving scheme Damaged status Not for loan Permanent Location Current Location Date acquired Source of acquisition Total Checkouts Full call number Barcode Date last seen Cost, replacement price Price effective from Koha item type
          School of Art Design and Architecture (SADA) School of Art Design and Architecture (SADA) 02/09/2018 Donation   891.4393 HAJ SADAD0000299 02/26/2024 367.50 02/26/2024 Book
© 2023 Central Library, National University of Sciences and Technology. All Rights Reserved.